| 000 | 00960nam a2200277Ia 4500 | ||
|---|---|---|---|
| 001 | Para_978 | ||
| 003 | CHAP | ||
| 008 | 220125s1944 xx 000 0 und d | ||
| 010 | _a199733 | ||
| 040 | _cCHAP | ||
| 090 | _aPA TESIS 944 | ||
| 100 |
_aOrtega Cantero, Bejamin _9164909 |
||
| 245 |
_aCaracteristicas Especiales del "picudo del Algodonero", en el sistema de riego No.4, Don Martin, de los estados de Coahuila y Nuevo Leon / _c por Benjamin Ortega Cantero |
||
| 260 |
_aChapingo, Méx. : _b el autor |
||
| 300 | _a27 h. | ||
| 502 | _aTesis (Ing. Agr. Esp. en Parasitología Agrícola ) .ENA Departamento Parasitología Agrícola | ||
| 650 |
_aAnthonomus grandis Algodón _x Plagas _9164910 |
||
| 710 | _aENA Departamento Parasitología Agrícola | ||
| 901 | _aPA TESIS 944 | ||
| 902 | _aM | ||
| 905 | _a0000001944 0000000000 00 | ||
| 910 | _a1944 | ||
| 942 | _cPARA | ||
| 942 |
_cPARA _d1 |
||
| 999 |
_c199733 _d199733 |
||